[Event "ISR-chT 2018"]
[Site "Israel"]
[Date "2018.03.02"]
[Round "11"]
[White "Gershon, Alik"]
[Black "Poleg, Dan"]
[Result "1/2-1/2"]
[WhiteElo "2454"]
[BlackElo "2278"]
[Annotator "TA"]
[PlyCount "108"]
[EventDate "2018.??.??"]
[EventType "team-tourn"]
[EventCountry "ISR"]
[SourceTitle "playchess.com"]
[Source "ChessBase"]
[SourceQuality "1"]

{[%evp 21,108,25,31,30,39,0,0,0,0,-14,-12,-15,-5,-3,-6,-18,-14,-21,-3,-20,-14,-21,0,0,0,-19,-16,-49,-50,-65,-60,-75,-79,-88,-89,-107,-106,-88,-93,-114,-109,-97,-65,-94,-59,-101,-97,-111,-114,-110,-82,-111,-56,-52,-17,-17,-13,-17,-17,-17,-17,-17,-10,-17,-17,-17,-12,-17,-18,-16,-8,-20,-7,-7,-7,-7,-7,-7,-7,-8,-8,-8,-8,-8,-8,-8,0,0,0]} 1. c4 e6 2. Nc3 Nf6 3. e4 d5 4. e5 d4 5. exf6 dxc3 6. bxc3 Qxf6 7. Nf3 e5 8. Bd3 Nc6 {A18: English Opening: Flohr-Mikenas System (1 c4 Nf6 2 Nc3 e6 3 e4)} 9. O-O Bd6 10. Be4 O-O 11. d4 exd4 {LiveBook: 3 Games} 12. cxd4 Bg4 13. Rb1 $146 ({Predecessor:} 13. Be3 Rad8 14. h3 Bxf3 15. Qxf3 Be7 16. Bxc6 Qxc6 17. Qxc6 bxc6 {½-½ (29) Lalic,B (2600)-Bellini,F (2415) Montecatini Terme 1997}) 13... Rfe8 14. Re1 Bxf3 15. Bxf3 Nxd4 16. Bxb7 Rad8 17. Rxe8+ Rxe8 18. Be3 Bc5 19. h3 h6 20. Qh5 Re5 21. Qg4 Ne6 22. Bxc5 Rxc5 23. g3 c6 24. Bc8 Nd4 25. Rb8 {Threatening mate with Bf5+.} Kh7 $1 $36 {[%mdl 2048] And now ...Qe5 would win. Black has some pressure.} 26. Qe4+ g6 27. Bg4 {[#] Strongly threatening Qe8.} Re5 $1 {[%cal Re5e4]} 28. Qf4 {[#]} Qxf4 $1 29. gxf4 $17 {[%mdl 4096] Endgame KRB-KRN} Ra5 30. Rb7 Kg8 31. Bd7 Kf8 32. Rc7 Rxa2 33. Bxc6 Ne2+ 34. Kh2 Nxf4 35. Kg3 Ne6 36. Rd7 a5 (36... Ra3+ $17 37. f3 Kg7) 37. Ra7 $15 g5 38. Bd5 {The position is equal.} a4 39. h4 gxh4+ 40. Kxh4 Rxf2 41. Rxa4 Ke7 42. Kg3 Rf5 43. Ra8 Nc7 44. Ra7 Kd6 45. Be4 Rc5 46. Bd5 Nxd5 47. cxd5 $11 {KR-KR} Rc7 48. Ra6+ Kxd5 49. Rxh6 Ke5 50. Kf3 Rc3+ 51. Kf2 f5 52. Rh4 Ra3 53. Rb4 f4 54. Rb8 Rc3 {Precision: White = 61%, Black = 58%.} 1/2-1/2

[Event "ISR-chT 2018"]
[Site "Israel"]
[Date "2018.03.02"]
[Round "11"]
[White "Grinberg, Eyal"]
[Black "Ben Artzi, Ido"]
[Result "1-0"]
[WhiteElo "2451"]
[BlackElo "2386"]
[Annotator "TA"]
[PlyCount "69"]
[EventDate "2018.??.??"]
[EventType "team-tourn"]
[EventCountry "ISR"]
[SourceTitle "playchess.com"]
[Source "ChessBase"]
[SourceQuality "1"]

{[%evp 9,69,6,9,13,12,7,11,11,16,12,20,10,7,11,13,10,11,14,14,4,10,6,31,33,72,79,83,87,88,86,85,79,92,84,99,100,100,94,96,96,95,98,174,174,198,197,286,283,277,272,980,980,930,894,2050,2042,29988,6691,3922,3908,29998,29999]} 1. e4 e5 2. Nf3 Nc6 3. Bb5 a6 4. Ba4 Nf6 5. Nc3 Bb4 6. O-O {C77: Ruy Lopez: 3...a6 4 Ba4 Nf6, unusual lines} O-O 7. d3 Bxc3 8. bxc3 {The position is equal.} d6 9. Bg5 Qe7 10. h3 (10. Re1 Nd8 11. Nd2 h6 12. Bh4 Ne6 13. Nf1 Nc5 14. Bb3 Nxb3 15. cxb3 g5 16. Bg3 Bg4 17. Qd2 Nh5 18. Ne3 {½-½ (75) Gundavaa,B (2485)-Nguyen,N (2632) Chengdu 2017}) 10... Nd8 {[%cal Bc6d8,Bd8e6,Be6c5][%mdl 32]} 11. Bb3 Ne6 12. Be3 $146 ({Predecessor:} 12. Bxe6 Qxe6 13. Nd2 h6 {0-1 (31) Frgalova,H-Miturova,M (2103) Orlova 2011}) 12... Nc5 13. Nd2 a5 14. a4 Nxb3 15. cxb3 d5 16. Bg5 dxe4 17. Nxe4 {Qf3 is the strong threat.} Bf5 18. Bxf6 gxf6 19. Qf3 Bxe4 20. Qxe4 b6 21. d4 Rfe8 22. Rfe1 Qd7 23. dxe5 fxe5 24. Rad1 {[%cal Ba1d1,Bd1d5,Bd5e5][%mdl 32]} Qe6 25. Rd5 $36 {[%mdl 2048] Black is under strong pressure.} f6 (25... Rad8 $16 {keeps fighting.} 26. Rxe5 Qxe5 27. Qxe5 Rxe5 28. Rxe5 Rd1+ 29. Kh2 Rb1) 26. Red1 $18 {And now Rd7 would win.} f5 27. Qh4 {Strongly threatening Rd7.} Rf8 (27... Qe7 $142 28. Qg3+ Qg7) 28. Qg3+ Kh8 29. Rxe5 ({Don't do} 29. Qxe5+ $6 Qxe5 30. Rxe5 Rad8 $18) 29... Qxb3 $2 (29... Qf7 30. Rdd5 Rad8 31. Rxd8 (31. Rxf5 Rxd5 32. Rxf7 Rxf7 $18) 31... Rxd8) 30. Rd7 {[%csl Gd7][%cal Rg3g7] [#]} Rf7 31. Red5 f4 32. Qd3 {Threatening mate with Qd4+.} Raf8 33. Rxf7 (33. Qd4+ $142 Rf6 34. Rd8 Kg7 35. Rxf8 Qb1+ 36. Kh2 Qg6 37. Rdd8 Qf5 38. Rxf6 Qxf6 39. Rd7+ Kg6 40. Qe4+ Qf5 {[#]} 41. Rg7+ $1 {[%mdl 512]} Kxg7 42. Qxf5) 33... Rxf7 34. Qd4+ Kg8 35. Rg5+ {Precision: White = 77%, Black = 43%.} 1-0

[Event "ISR-chT 2018"]
[Site "Israel"]
[Date "2018.03.02"]
[Round "11"]
[White "Zifroni, Dov"]
[Black "Mesropov, Konstantin"]
[Result "1-0"]
[WhiteElo "2443"]
[BlackElo "2425"]
[Annotator "TA"]
[PlyCount "69"]
[EventDate "2018.??.??"]
[EventType "team-tourn"]
[EventCountry "ISR"]
[SourceTitle "playchess.com"]
[Source "ChessBase"]
[SourceQuality "1"]

{[%evp 25,69,13,20,25,49,10,14,20,21,0,0,0,0,0,0,0,72,65,244,236,308,199,206,208,308,293,261,185,271,182,185,193,185,183,227,214,220,216,202,200,207,228,1333,42,1304,1278]} 1. c4 Nf6 2. Nf3 c5 3. Nc3 d5 4. cxd5 Nxd5 5. e3 Nc6 6. Bb5 e6 7. O-O Be7 8. d4 cxd4 9. exd4 O-O 10. Re1 Bd7 11. a3 {B10: Caro-Kann: 2 d3 and 2 c4} Rc8 12. Bd3 Nxc3 13. bxc3 Bf6 {LiveBook: 8 Games} 14. Rb1 Na5 15. Qc2 g6 $146 ({Find the theoretical novelty and annotate with similar games:} 15... h6 16. Bf4 Bc6 17. Ne5 Bd5 18. Qc1 Bg5 {1-0 (42) Damljanovic,B (2615)-Bruno,F (2409) Frascati 2006}) 16. Bh6 Bg7 17. Qd2 Bc6 {[#] Strongly threatening ...Bxh6.} 18. Ne5 Bd5 19. Ng4 Nb3 20. Qb2 $1 {Black must now prevent Bxg7.} Qh4 (20... Na5 $11) 21. Bxg7 $16 Qxg4 $2 (21... Kxg7 $14 22. c4 Qxg4 23. cxd5 Qxd4) 22. f3 $18 Bxf3 23. h3 {[%cal Bh2h3,Bh3h4][%mdl 32]} Qg5 24. h4 Qg4 (24... Qd2 {keeps fighting.}) 25. Bxf8 Kxf8 26. Rf1 Bd5 (26... Rxc3 {might work better.} 27. Rxf3 Qxd4+ 28. Kh1 Qxh4+ 29. Rh3 Qd4) 27. c4 Rxc4 28. Bxc4 Bxc4 {[#]} 29. Rfd1 $1 Kg8 30. d5 exd5 31. Re1 {[%cal Re1e8]} d4 32. Qc2 $40 {[%mdl 128] White goes for the king.} d3 33. Qc3 {[%cal Re1e8]} Nd4 $2 (33... Qd4+ 34. Qxd4 Nxd4 35. Rxb7 d2) 34. Re8+ Kg7 35. Rd8 {Precision: White = 86%, Black = 58%.} 1-0

[Event "ISR-chT 2018"]
[Site "Israel"]
[Date "2018.03.02"]
[Round "11"]
[White "Liss, Eran"]
[Black "Goikhfis, Ilya"]
[Result "1/2-1/2"]
[WhiteElo "2437"]
[BlackElo "2074"]
[Annotator "TA"]
[PlyCount "67"]
[EventDate "2018.??.??"]
[EventType "team-tourn"]
[EventCountry "ISR"]
[SourceTitle "playchess.com"]
[Source "ChessBase"]
[SourceQuality "1"]

{[%evp 18,67,68,58,105,91,93,71,79,70,58,54,53,61,78,71,92,83,84,73,94,44,66,44,51,34,79,81,98,70,94,97,116,0,23,0,0,0,0,0,8,0,8,12,63,0,44,44,49,49,45,32]} 1. e4 c5 2. Nf3 Nc6 3. Nc3 g6 4. d4 cxd4 5. Nxd4 Bg7 6. Be3 d6 7. Qd2 Nf6 8. f3 Bd7 9. O-O-O h5 10. Kb1 Qa5 {B75: Sicilian Dragon: Yugoslav Attack, Miscellaneous} (10... Rc8 11. Be2 a6 12. g3 Ne5 13. h3 b5 14. g4 b4 15. Nd5 Nxd5 16. exd5 a5 17. Bg5 Qb6 18. f4 {1-0 (43) Almasi,Z (2682)-Adnani,M (2448) Riadh 2017}) 11. Nb3 Qc7 12. Bg5 Be6 {White is better.} 13. Nd5 Bxd5 $1 14. exd5 Ne5 15. Bb5+ Kf8 16. Rhe1 $146 ({Predecessor:} 16. Na5) 16... Nc4 {[#]} 17. Bxc4 $1 Qxc4 18. Na5 Qc7 19. Qb4 Qb6 20. a3 {[%cal Ba2a3,Ba3a4][%mdl 32]} Rc8 21. c4 Rc7 22. Be3 Qa6 23. a4 Nd7 24. Qb5 Bf6 25. b3 (25. Qxa6 $16 bxa6 26. Kc2) 25... Qxb5 $11 26. axb5 (26. cxb5 {keeps more tension.} Bc3 27. Bd2 Bxd2 28. Rxd2 h4 29. Rc2) 26... Bc3 27. Bd2 Bxd2 28. Rxd2 Nb6 29. Rde2 g5 30. Re4 f5 (30... g4 $11) 31. Rd4 ({White should play} 31. Re6 $14) 31... Kf7 32. h4 {White is slightly better.} Rg8 33. hxg5 Rxg5 34. Re2 {Precision: White = 57%, Black = 34%.} 1/2-1/2

[Event "ISR-chT 2018"]
[Site "Israel"]
[Date "2018.03.02"]
[Round "11"]
[White "Mikhalevsky, Alexander"]
[Black "Bitensky, Igor"]
[Result "1-0"]
[WhiteElo "2428"]
[BlackElo "2361"]
[Annotator "TA"]
[PlyCount "91"]
[EventDate "2018.??.??"]
[EventType "team-tourn"]
[EventCountry "ISR"]
[SourceTitle "playchess.com"]
[Source "ChessBase"]
[SourceQuality "1"]

{[%evp 12,91,43,27,45,50,51,51,97,22,27,-17,-22,-33,-12,-12,-15,-26,-8,-12,-6,0,18,6,9,-8,-18,0,50,55,56,0,22,30,129,128,155,131,122,129,190,185,294,233,347,228,259,232,227,224,254,210,629,617,577,254,254,253,260,254,253,255,255,257,260,260,260,260,260,231,229,237,327,269,343,341,342,327,542,536,590,595]} 1. d4 d6 2. Nf3 g6 3. g3 Bg7 4. Bg2 Nd7 5. O-O e5 6. dxe5 dxe5 7. Nc3 {LiveBook: 27 Games} Ne7 {A41: 1 d4 d6: Tartakower System and Modern Defence} 8. Qd3 $146 ({Predecessor:} 8. e4 O-O 9. b3 b6 10. a4 Re8 11. Bg5 h6 12. Be3 Kh7 13. Qe2 c6 14. Rfd1 Qc7 15. Qc4 {1-0 (44) Lodhi,M (2328)-Miroshnichenko,E (2618) Al Ain 2014}) 8... O-O 9. Rd1 $1 c6 {White is slightly better.} 10. Ng5 ({Better is} 10. e4 $16) 10... Qc7 $11 11. b4 Nb6 12. e4 h6 13. Nf3 Be6 14. a4 {[%cal Ba2a4,Ba4a5][%mdl 32]} Rad8 15. Qe2 Rxd1+ 16. Nxd1 f5 17. a5 $36 {[%mdl 2048] White has some pressure.} Nc4 18. Nd2 Nxd2 19. Bxd2 fxe4 20. Bxe4 Nf5 21. c3 ({White should play} 21. Be3 $1 $14) 21... Qf7 22. Be3 {[%cal Bd2e3,Be3a7,Ba7c5][%mdl 32]} Bd5 (22... Nd6 $11 {remains equal.} 23. Bc5 Rd8) 23. Bxa7 h5 24. Bc5 Rd8 25. Nb2 h4 (25... Bxe4 $16 26. Qxe4 Qb3) 26. Rd1 $18 {[%cal Ba1d1,Bd1d2,Bd2e2,Be2e1][%mdl 32] Hoping for Bxf5.} Re8 (26... Nd6 $142 27. Bxd6 Rxd6) 27. Qf3 {[%cal Rd1d5]} hxg3 (27... Bb3 $142 28. Ra1 Rd8) 28. hxg3 (28. Bxd5 gxf2+ 29. Kxf2 cxd5 $16) (28. fxg3 Ne7 $18) 28... Bb3 29. Rd2 Bh6 30. Re2 Rd8 31. Kg2 Rd5 $2 {[#]} (31... Rd7 32. a6 bxa6 33. Bxc6 Kh7) 32. c4 Rxc5 33. bxc5 (33. Qxb3 $142 Nd4 34. Qd3 Nxe2 35. Qxe2 (35. bxc5 Nd4 $18)) 33... Nd4 34. Qxf7+ Kxf7 35. Re1 Bd2 36. Rh1 Kg7 37. Nd3 Kf6 38. Rh7 Bxc4 39. Rxb7 Bxa5 40. Ra7 Bc3 41. Rd7 Nb3 42. f3 Bd4 43. Rd6+ Ke7 {intending ...Bxd3.} 44. Rxc6 Nd2 $2 {[#]} (44... Bxd3 {keeps fighting.} 45. Bxd3 g5) 45. Nb4 ({Not} 45. Bxg6 e4 $16) 45... g5 46. Nd5+ {Precision: White = 61%, Black = 31%.} 1-0

[Event "ISR-chT 2018"]
[Site "Israel"]
[Date "2018.03.02"]
[Round "11"]
[White "Mesropov, Konstantin"]
[Black "Roiz, Michael"]
[Result "*"]
[WhiteElo "2425"]
[BlackElo "2612"]
[Annotator "TA"]
[PlyCount "31"]
[EventDate "2018.??.??"]
[EventType "team-tourn"]
[EventCountry "ISR"]
[SourceTitle "playchess.com"]
[Source "ChessBase"]
[SourceQuality "1"]

{[%evp 19,31,6,20,8,16,4,20,32,27,29,25,4,26,2]} 1. e4 e5 2. Nf3 Nc6 3. Bb5 Nf6 4. O-O Nxe4 5. Re1 Nd6 6. a4 {C67: Ruy Lopez: Berlin Defence: 4 0-0 Nxe4} Be7 7. Nc3 O-O 8. d4 e4 9. Nxe4 Nxe4 10. Rxe4 a6 {LiveBook: 3 Games} 11. Bd3 d5 12. Re3 Nb4 13. Bf1 Bf5 {[#]} 14. c3 $146 Nc6 $1 15. Bd3 Qd7 16. Qc2 *

[Event "ISR-chT 2018"]
[Site "Israel"]
[Date "2018.03.02"]
[Round "11"]
[White "Bykhovsky, Avigdor"]
[Black "Bakalchuk, Johnatan"]
[Result "0-1"]
[WhiteElo "2421"]
[BlackElo "2406"]
[Annotator "TA"]
[PlyCount "52"]
[EventDate "2018.??.??"]
[EventType "team-tourn"]
[EventCountry "ISR"]
[SourceTitle "playchess.com"]
[Source "ChessBase"]
[SourceQuality "1"]

{[%evp 20,52,18,-35,-17,-56,-34,-54,-51,-59,-64,-47,-43,-78,-91,-118,-110,-108,-122,-125,-118,-124,-124,-254,-240,-349,-332,-317,-154,-556,-562,-687,-652,-568,-476]} 1. d4 Nf6 2. Nf3 g6 3. c4 Bg7 4. e3 O-O 5. Be2 d6 6. Nc3 Nbd7 7. b3 Re8 8. Bb2 e5 9. Qc2 c6 10. h3 Qe7 {E60: King's Indian: Unusual lines and Fianchetto Variation without Nc3} (10... a5 11. Ba3 exd4 12. exd4 Nf8 13. O-O d5 14. Rad1 Bf5 15. Bd3 Bxd3 16. Qxd3 Ne4 17. Rfe1 Nxc3 18. Rxe8 Qxe8 19. Qxc3 {½-½ (40) Stupak,K (2515)-Zhigalko,A (2576) Minsk 2012}) 11. O-O-O {LiveBook: 3 Games} ({White should try} 11. O-O $11) 11... exd4 12. Nxd4 a6 $146 {Black is slightly better.} ({Find the theoretical novelty and annotate with similar games:} 12... Nc5 13. Bf3 Ne6 14. g4 Nxd4 15. Rxd4 Be6 16. Ba3 Red8 17. Rd3 Rac8 {0-1 (42) Minzer,C (2390)-Fiorito,F (2450) La Carlota 1995}) 13. Rhe1 Nc5 14. Bf3 Bd7 15. g4 Rec8 16. b4 Ne6 17. Nxe6 Bxe6 18. Na4 {Black should prevent Nb6.} Nd7 19. Bxg7 Kxg7 20. Qc3+ {[#]} Kg8 $1 21. Nb2 (21. c5 $17 {was the only defense.}) 21... b5 $19 22. Be2 (22. Rd2 $142) 22... c5 23. Kb1 bxc4 (23... Rab8 $19 {And now ...bxc4 would win.} 24. cxb5 axb5) 24. bxc5 $2 {[#]} (24. Bxc4 $17 {was the crucial defense.} cxb4 25. Qd4) 24... Nxc5 {Black is clearly winning.} 25. Bf3 Rab8 26. Ka1 Qh4 {Precision: White = 29%, Black = 56%.} 0-1

[Event "ISR-chT 2018"]
[Site "Israel"]
[Date "2018.03.02"]
[Round "11"]
[White "Gorodetzky, David"]
[Black "Flom, Gabriel"]
[Result "1/2-1/2"]
[WhiteElo "2418"]
[BlackElo "2493"]
[Annotator "TA"]
[PlyCount "139"]
[EventDate "2018.??.??"]
[EventType "team-tourn"]
[EventCountry "ISR"]
[SourceTitle "playchess.com"]
[Source "ChessBase"]
[SourceQuality "1"]

{[%evp 9,139,23,38,30,42,39,41,39,39,40,41,42,47,46,52,36,41,34,57,46,60,58,53,51,68,53,63,67,55,66,77,69,75,75,104,100,111,110,111,110,118,79,79,79,98,98,95,42,79,88,53,42,30,25,21,0,0,0,-31,-43,-51,-120,-48,-48,-62,-62,0,0,0,0,15,0,0,0,0,-14,0,0,0,0,0,0,0,0,330,-10,-10,-9,0,0,0,0,0,0,469,438,1238,1047,904,0,1225,0,0,0,0,0,768,0,0,0,0,0,0,0,0,0,0,0,0,0,0,0,0,0,0,0,0,0,0,0,0,0]} 1. Nf3 Nf6 2. b3 d5 3. Bb2 Bg4 4. g3 Bxf3 (4... Nbd7 5. Bg2 e6 6. O-O Bd6 7. d3 O-O 8. Nbd2 Qe7 9. a3 e5 10. e4 d4 11. h3 Bh5 12. Nc4 b5 13. Nxd6 Qxd6 14. Qd2 {1-0 (48) Anton Guijarro,D (2666)-Ni,H (2671) Riadh 2017}) 5. exf3 Nbd7 6. Bg2 {A06: Réti Opening:1 Nf3 d5} g6 7. f4 c6 8. O-O {White is slightly better.} Bg7 9. d4 $146 ({Predecessor:} 9. d3 O-O 10. Nd2 Ne8 11. Bxg7 Nxg7 12. Nf3 a5 13. a3 {0-1 (46) Jakubovic,N (2398)-Golubovic,B (2458) Rijeka 2001}) 9... O-O 10. Nd2 {[%cal Bb1d2,Bd2f3,Bf3e5][%mdl 32]} a5 {[%cal Ba7a5,Ba5a4][%mdl 32]} 11. c4 a4 12. Qc2 e6 13. Nf3 Qb6 14. Ne5 Rfd8 15. Rfe1 axb3 16. axb3 Bf8 17. Bc3 Rdc8 18. c5 Qd8 19. b4 Ne8 20. Bf1 Nc7 21. Ra5 f6 22. Nf3 b6 23. Rxa8 Rxa8 24. h4 b5 25. Bd3 f5 26. Ng5 Qf6 27. Kg2 Bg7 28. h5 (28. Rh1 $16) 28... h6 29. Nf3 g5 30. Ne5 Nxe5 31. dxe5 Qf7 32. fxg5 hxg5 33. Rh1 d4 34. Bd2 g4 35. Bf4 (35. Re1 $15) 35... Qd7 ({Better is} 35... Nd5 $17 36. h6 Nxb4) 36. Re1 $1 $15 Qd5+ 37. Kg1 $1 Qd7 (37... Qa2 $1 $15) 38. Qb2 $11 Qd5 39. Bc2 Qa2 (39... Ra2 $5 40. Qb1 $8 Ra3 $14) 40. Qc1 Qa3 41. Qxa3 Rxa3 42. Rd1 $1 Kh7 43. Rxd4 {aiming for Rd6.} Nd5 44. Bd3 {Threatens to win with Rxd5!} Bh6 $1 45. Rxd5 cxd5 46. Bxb5 {[%mdl 4096] Endgame Strongly threatening Bd7. KRB-KB} d4 $2 {[%mdl 8192]} (46... Bxf4 $11 47. gxf4 Ra7) 47. Bd7 $2 ({Only move:} 47. Kf1 $18) 47... Bxf4 48. gxf4 {c6 is the strong threat. KR-KB} d3 {( -> ...d2)} 49. Bxe6 d2 50. Bxf5+ Kg7 51. Bxg4 Ra1+ $2 {[%mdl 8192]} (51... Rb3 $11 {and Black has nothing to worry.}) 52. Kg2 $18 d1=Q (52... Rb1 $142 53. Be2 Rxb4) 53. Bxd1 Rxd1 {[#] KR-KP} 54. c6 $2 (54. f5 $1 $18 {[%cal Rf5f6]} Rc1 55. f6+ Kf7 56. f4) 54... Rb1 $2 {[%mdl 8192] [#]} (54... Rc1 $11) 55. e6 $2 (55. f5 $1 $18 Rxb4 56. f6+ Kf7 57. h6) 55... Kf6 $11 56. h6 Ra1 57. b5 Ra8 $2 {[%mdl 8192]} (57... Kxe6 $11 58. c7 Ra8) 58. b6 $2 (58. Kg3 $18 Kxe6 59. Kg4) 58... Kxe6 {The position is equal.} 59. Kf3 {b7 would kill now.} Kd6 60. c7 {Black must now prevent b7.} Kc6 61. Kg4 Kxb6 62. Kg5 Kxc7 {KR-K3P} 63. h7 Kd6 64. Kg6 Ke7 65. f5 Rf8 66. f4 Rf6+ 67. Kg7 Rf7+ 68. Kg6 Rf6+ 69. Kg7 Rf7+ 70. Kg6 {Precision: White = 68%, Black = 49%.} 1/2-1/2

[Event "ISR-chT 2018"]
[Site "Israel"]
[Date "2018.03.02"]
[Round "11"]
[White "Drori, Saar"]
[Black "Huzman, Alexander"]
[Result "1/2-1/2"]
[WhiteElo "2391"]
[BlackElo "2564"]
[Annotator "TA"]
[PlyCount "69"]
[EventDate "2018.??.??"]
[EventType "team-tourn"]
[EventCountry "ISR"]
[SourceTitle "playchess.com"]
[Source "ChessBase"]
[SourceQuality "1"]

{[%evp 13,69,14,22,29,23,-3,4,-30,0,0,22,25,25,0,0,1,11,-18,-29,-24,0,-33,-34,-119,-52,-82,0,-20,-29,-35,0,-8,65,5,25,20,15,33,70,70,104,70,79,70,91,85,89,90,81,78,72,102,95,0,79,0,104,0]} 1. e4 e5 2. Nf3 Nf6 3. Nxe5 d6 4. Nf3 Nxe4 5. Nc3 Nxc3 6. dxc3 Be7 7. Be3 O-O 8. Qd2 {C42: Petroff Defence: 3 Nxe5 and unusual White 3rd moves} (8. Bd3 Nd7 9. Qe2 Nc5 10. Bc4 d5 11. Bd3 Nxd3+ 12. Qxd3 c5 13. h4 h6 14. O-O-O Be6 15. Rdg1 Qa5 {1-0 (53) Ponomariov,R (2694)-Ni,H (2671) Riadh 2017}) 8... Nd7 {[%cal Bb8d7,Bd7c5,Bc5e4][%mdl 32]} 9. h3 c6 $146 ({Predecessor:} 9... Re8 10. O-O-O c6 11. c4 Ne5 12. Be2 Be6 13. Qc3 Bf6 14. Nd4 d5 15. Nxe6 fxe6 {0-1 (37) Toma,K (2304)-Mohammad,M (2438) Chittagong 2015}) 10. c4 {The position is equal.} Nc5 11. O-O-O Ne4 12. Qd3 Bf5 {[#] Hoping for ...Ng3!} 13. g4 Bg6 $1 $36 {[%mdl 2048] Strongly threatening ...Nxf2! Black has good play.} 14. Qb3 Qa5 15. a3 Nc5 16. Qb4 Qc7 17. Nd4 d5 {[#] White must now prevent ...Nd3+!} 18. Qe1 (18. Qc3 $15) 18... Rfe8 (18... Na4 $17 19. cxd5 Rad8) 19. h4 {[%cal Bh3h4,Bh4h5][%mdl 32]} Bd6 (19... Na4 $17 {...c5 is the strong threat.} 20. h5 Be4) 20. h5 Be4 21. Rh3 $1 dxc4 22. Bxc4 h6 ({Black should try} 22... Rad8 $11) 23. Qg1 (23. g5 $1 $14) 23... Bf4 24. Ne2 Bxe3+ 25. Rxe3 Bd5 26. Bxd5 {Threatens to win with Ba2.} cxd5 27. Nc3 Rxe3 28. fxe3 Ne4 29. Nxd5 Qe5 30. Qg2 Re8 31. Qf3 Ng5 32. Qf4 Nh3 33. Qf3 Ng5 34. Qf4 Nh3 $1 {[%cal Rh3f4]} 35. Qf3 {Precision: White = 37%, Black = 42%.} (35. Qf1 $16 Ng5 36. Qb5) 1/2-1/2

[Event "ISR-chT 2018"]
[Site "Israel"]
[Date "2018.03.02"]
[Round "11"]
[White "Veinberg, Nimrod"]
[Black "Magen, Daniel"]
[Result "1-0"]
[WhiteElo "2364"]
[BlackElo "2161"]
[Annotator "TA"]
[PlyCount "157"]
[EventDate "2018.??.??"]
[EventType "team-tourn"]
[EventCountry "ISR"]
[SourceTitle "playchess.com"]
[Source "ChessBase"]
[SourceQuality "1"]

{[%evp 22,157,75,68,81,54,80,81,95,99,99,91,95,90,93,98,97,66,82,70,83,56,72,58,72,67,103,86,89,77,190,193,193,194,203,167,164,94,94,93,93,81,81,82,83,81,92,81,75,93,122,59,66,58,83,27,33,36,45,44,42,8,8,8,9,9,9,9,10,0,0,0,0,0,0,0,0,0,0,0,0,-439,-416,-712,-667,-778,0,0,260,0,0,0,250,0,0,0,72,-6,-1,-8,-8,-8,-8,-8,-8,-8,8,8,4137,4137,4137,-442,4137,4137,4137,4137,4137,4137,4137,4137,4137,4137,4137,4133,29983,29984,29992,29986,29986,29987,29987,29986,29988,29987,29987,29986,29986,29987]} 1. d4 Nf6 2. c4 e6 3. g3 d5 4. Bg2 Be7 5. Nf3 O-O 6. Qc2 c6 7. O-O Nbd7 8. Nbd2 Re8 9. Rd1 Bd6 {E09: Closed Catalan: Main Line: 7 Qc2 c6 8 Nbd2} (9... Bf8 10. e4 Nxe4 11. Nxe4 dxe4 12. Qxe4 c5 13. dxc5 Qc7 14. b4 a5 15. Bf4 e5 16. a3 axb4 17. axb4 Rxa1 18. Rxa1 {1-0 (26) Repka,C (2487)-Van den Berg,B (2223) Krakow 2017}) 10. e4 dxe4 11. Nxe4 Nxe4 12. Qxe4 {LiveBook: 3 Games} Qe7 13. Bf4 Bxf4 14. Qxf4 Qf6 15. Qe3 $146 ({Predecessor:} 15. Qxf6 Nxf6 16. Ne5 {1-0 (40) Lossin,S (1986)-Onasch,P (1879) Mecklenburg VP 2007}) 15... Qe7 16. Rd2 Nb6 17. Qb3 Qc7 18. a4 a5 19. Qc3 Bd7 20. b3 Red8 21. Ng5 {[%cal Bf3g5,Bg5e4,Be4c3][%mdl 32]} h6 22. Ne4 (22. Nh3 {is interesting.} Nc8 23. Nf4 Nd6 24. Rad1 b6 25. Nh5) 22... Be8 23. Rad1 Rdc8 24. Qe3 Qe7 25. Nc3 Rc7 (25... Qc7 $16) 26. d5 $18 Nxd5 27. cxd5 ({Inferior is} 27. Bxd5 cxd5 28. cxd5 Qc5 $11) 27... cxd5 28. Rc2 Qc5 29. Qxc5 (29. Qd3 $18) 29... Rxc5 $16 {[#]} 30. Rcc1 $1 Rac8 31. Na2 Rc2 32. Bf1 Bd7 33. Rxc2 Rxc2 34. Nc1 Kf8 35. Nd3 Rc3 36. Rc1 (36. Rb1 $16) 36... Rxc1 $14 37. Nxc1 Ke7 38. f4 ({Better is} 38. f3 $16) 38... Kd6 39. Kf2 f6 40. Ke3 e5 41. fxe5+ fxe5 42. Bd3 Bc6 43. Bg6 b5 44. axb5 Bxb5 45. Nd3 Bc6 46. Nf2 Kc5 47. Nd3+ Kd6 48. Kd2 e4 $1 {[%cal Re4d3]} 49. Nf2 Kc5 50. Ke3 Kb4 51. Kd4 $2 {[%mdl 8192]} (51. Bf7 $11 {and White is okay.}) 51... Kxb3 $19 52. Bf7 (52. Bh5 $142 a4 53. Bd1+ Kb2 54. Bg4) 52... Kc2 53. Ng4 Kd2 $2 (53... a4 $19 54. Ne3+ Kd2 55. Bxd5 Bxd5 56. Nxd5 a3) 54. Ne5 $1 $11 {[%cal Re5c6]} e3 $2 {[%mdl 8192]} (54... Bb7 $11 {and Black has nothing to worry.} 55. Be8 e3) 55. Nf3+ Ke2 56. Ne5 Kd2 57. Nf3+ $2 (57. Nxc6 $18 e2 58. Ne5) 57... Ke2 58. Ne5 Kf2 (58... Kd2 $11 {keeps the balance.} 59. Nxc6 e2) 59. Ng4+ ({White should play} 59. Nxc6 $16 e2 60. Ne5) 59... Kg2 60. Kxe3 a4 {[#] aiming for ...a3.} 61. Kd4 Kh3 62. Be6 a3 {Threatens to win with ...a2.} 63. Kc3 {Ne5+ is the strong threat.} d4+ 64. Kxd4 {Hoping for Ne5+.} Bd7 $2 {[%mdl 8192]} (64... Bg2 $11) 65. Bxd7 $18 a2 66. Ne3+ Kxh2 67. Nc2 Kxg3 68. Be6 h5 69. Bxa2 h4 70. Ke3 g5 71. Nd4 h3 72. Ne2+ Kg2 73. Bd5+ {White mates.} Kh2 74. Be4 g4 75. Kf4 g3 76. Nxg3 Kg1 77. Ke3 Kh2 78. Nh5 Kg1 79. Nf4 {Precision: White = 49%, Black = 61%.} 1-0